000 00828nam a22003250a 4500
001 PT60748
003 AR-LpoUNG
005 20210131232013.0
008 191001s1986||||ag |||||||||||||||||spa d
020 _a9506144052
_c$17
040 _aAR-LpoUNG
_bspa
_cAR-LpoUNG
_eaacr
041 _aspa
044 _aag
082 0 _a982.03 457art
100 1 _aReyes Abadie, Washington
245 1 0 _aArtigas y el federalismo en el Río de la Plata
250 _a1ra. ed.
260 _aBuenos Aires :
_bHyspamérica,
_c1986.
300 _a332 p. :
_bfot.
650 4 _aANALISIS HISTORICO
650 4 _aARGENTINA
650 4 _aFEDERALISMO
650 4 _aHISTORIA
650 4 _aHISTORIA POLITICA
650 4 _aURUGUAY
653 _aARTIGAS, JOSE GERVASIO
653 _aBALCANIZACION
905 _a60748
942 _cLIB
999 _c13145
_d13145